CO KUPUJEMY W PUSZCE, ALE TEGO NIE JEMY? - Statystyki

Ogólne statystyki
  • Ten quiz został rozwiązany 77 razy
  • Średni wynik to 2 z 6
Statystyki odpowiedzi
Odpowiedź % Poprawnych
NAPÓJ
61%
FARBĘ
59%
KARMĘ
37%
DEZODORANT
17%
SMAR
14%
PASTĘ DO BUTÓW
10%
Nie znaleziono quizów pasujących do podanych kryteriów
Rozkład punktacji
Procent ludzi z każdym wynikiem
Percentyl według liczby udzielonych odpowiedzi
Twoja historia wyników
Nie rozwiązałeś tego quizu